Liz or Leslie? Quiz Stats

Quiz Updated Dec 30, 2015

Challenge
Share
Tweet
Embed
Score 0/16 Timer 05:00
1 Play Today
Quote Liz (1) or Leslie (2)? % Correct
Hey, nerds! Who's got two thumbs, speaks limited French, and hasn't cried once today? This moi.???
77.5%
Really? But I already have a drink... do you think he'd buy me mozzarella sticks????
71.5%
I don't know. I always thought the whole point of being with someone for a long time is to get to the comfortable routine part.???
71%
If reality TV has taught us anything, it's that you can't keep people with no shame down.???
70.8%
We have to remember what’s important in life: friends, waffles, and work. Or waffles, friends, work. But work has to come third.???
64.6%
I need you to text me every 30 seconds saying that everything is gonna be ok.???
64.1%
Your online romance prank was not funny. I fell in love with you!???
63.9%
My heart's pounding like I'm watching Oprah's farewell season.???
63.8%
Quote Liz (1) or Leslie (2)? % Correct
Sometimes the right thing and the hard thing are the same thing. I read that on a tea bag.???
60.7%
Now I'm heading home for a nooner, which is what I call having pancakes for lunch.???
58.8%
I stand behind my decision to avoid salad and other disgusting things.???
54.4%
Are you sick? Are you terminal? Is it like that movie A Walk to Remember????
50.2%
And I even called Oprah. Well, I tried to call Oprah. Couldn't get her number. I'm putting it out there, like The Secret. And hopefully she'll call me.???
50.2%
He's not going to be able to keep anything from me. In high school they used to call me Angela Lansbury... but that was because of my hair cut.???
49.9%
Just one rule, I don't want to date a twin because I've been tricked before.???
46.5%
Their bathmats are amazing. It's like stepping on a lamb.???
44.1%

You're not logged in!

Compare scores with friends on all Sporcle quizzes.
Join for Free
OR
Log In

You Might Also Like...

Show Comments

Extras

Top Quizzes Today


Score Distribution

Your Account Isn't Verified!

In order to create a playlist on Sporcle, you need to verify the email address you used during registration. Go to your Sporcle Settings to finish the process.

Report this User

Report this user for behavior that violates our Community Guidelines.

Details: